[Event "Match"]
[Site "www.echecsemail.com"]
[Date "2016.01.01"]
[Round "1"]
[White "Mitja"]
[Black "Bojan"]
[WhiteElo "1920"]
[BlackElo "2080"]
[Result "0-1"]
[Round "1"]
1.d4 d5
2.e3 Qd8d6
3.h3 Bc8d7
4.c3 a6
5.Ng1f3 f6
6.Bf1e2 Nb8c6
7.Nb1d2 e5
8.dxe5 Nc6xe5
9.Nf3xe5 fxe5
10.Nd2f3 Bf8e7
11.Bc1d2 e4
12.Nf3d4 c5
13.Nd4b3 Bd7a4
14.Qd1c1 Be7f6
15.Be2h5 g6
16.Bh5g4 b6
17.O-O c4
18.Nb3d4 h5
19.Bg4e2 Ba4d7
20.f4 Ng8h6
21.b3 b5
22.b4 a5
23.a3 O-O
24.Qc1e1 Nh6f5
25.g4 Nf5xd4
26.exd4 Rf8f7
27.Qe1g3 hxg4
28.hxg4 Rf7g7
29.Kf2 a4
30.g5 Bf6e7
31.Be2g4 Ra8f8
32.Bg4xd7 Qd6xd7
33.Ke3 Be7d6
34.Rf1f2 Rg7h7
35.Ke2 Rh7h3
36.Qg3g2 Rf8f7
37.Ra1h1 Rf7h7
38.Rh1xh3 Rh7xh3
39.Bd2e3 Qd7h7
40.Qg2g4 Qh7h5
41.Qg4xh5 gxh5
42.Rf2g2 Kg7
43.Kf2 Rh3f3
44.Ke2 Bd6xf4
45.Be3d2 Kg6
46.Rg2g1 Bf4xd2
47.Kxd2 Rf3f5
{ resign }
0-1

[Event "Match"]
[Site "www.echecsemail.com"]
[Date "2016.01.01"]
[Round "1"]
[White "Jhw"]
[Black "Llord"]
[WhiteElo "2040"]
[BlackElo "1860"]
[Result "1/2-1/2"]
[Round "1"]
1.Ng1f3 Nb8c6
2.e4 e5
3.Bf1c4 Ng8f6
4.d3 Bf8c5
5.Bc1e3 Bc5xe3
6.fxe3 O-O
7.Nb1c3 d6
8.a3 Bc8e6
9.Bc4xe6 fxe6
10.h4 d5
11.Nf3g5 d4
12.Ng5xe6 Qd8e7
13.Ne6xf8 dxc3
14.Nf8xh7 Nf6xh7
15.bxc3 Ra8f8
16.Qd1g4 Nh7f6
17.Qg4f5 Nf6d5
18.Qf5h3 Nd5xc3
19.h5 Qe7f6
20.Qh3f3 Qf6xf3
21.gxf3 Rf8xf3
22.Kd2 Nc3b5
23.c4 Nb5d4
24.exd4 Nc6xd4
25.Ra1g1 Rf3f6
26.h6 Nd4f3
27.Ke3 Nf3xg1
28.Rh1xg1 Rf6xh6
29.Rg1g3 { draw }
1/2-1/2

[Event "Match"]
[Site "www.echecsemail.com"]
[Date "2016.01.01"]
[Round "1"]
[White "Canario"]
[Black "Jhw"]
[WhiteElo "1820"]
[BlackElo "1960"]
[Result "1/2-1/2"]
[Round "1"]
1.e4 e5
2.Ng1f3 Ng8f6
3.Nb1c3 c6
4.d4 Nf6g4
5.dxe5 Qd8b6
6.Qd1d4 Bf8c5
7.Nc3a4 Bc5xd4
8.Na4xb6 Bd4xb6
9.Bf1c4 Ng4xf2
10.Rh1f1 Nf2xe4
11.Nf3h4 O-O
12.Bc1f4 Bb6d4
13.Ra1b1 b5
14.Bc4d3 Ne4c5
15.Nh4f5 Nc5xd3
{ draw }
1/2-1/2

[Event "Match"]
[Site "www.echecsemail.com"]
[Date "2016.01.01"]
[Round "1"]
[White "Chesspower"]
[Black "Pinehill"]
[WhiteElo "1600"]
[BlackElo "2070"]
[Result "1-0"]
[Round "1"]
1.d4 Ng8f6
2.c4 e6
3.Nb1c3 Bf8b4
4.Qd1c2 O-O
5.a3 Bb4xc3
6.Qc2xc3 d5
7.Bc1g5 c6
8.e3 Nb8d7
9.Bf1d3 h6
10.Bg5h4 g5
11.Bh4g3 dxc4
12.Bd3xc4 Nf6e4
13.Qc3c1 Nd7b6
14.Ng1e2 f5
15.Bg3e5 Nb6d5
16.O-O f4
17.Bc4xd5 exd5
18.exf4 Rf8f7
19.f3 Ne4d6
20.fxg5 hxg5
21.Qc1c5 Nd6b5
22.Ne2g3 Qd8e7
23.Qc5xe7 Rf7xe7
24.a4 Nb5c7
25.Rf1e1 Nc7a6
26.Be5f6 Re7xe1
27.Ra1xe1 Kf7
28.Bf6xg5 Kg6
29.h4 Bc8d7
30.Re1e7 Ra8d8
31.f4 Na6b4
32.h5 
1-0

[Event "Match"]
[Site "www.echecsemail.com"]
[Date "2016.01.01"]
[Round "1"]
[White "Xkafi"]
[Black "Jhw"]
[WhiteElo "1960"]
[BlackElo "2030"]
[Result "1-0"]
[Round "1"]
1.e4 g5
2.d4 e6
3.Ng1f3 b6
4.Bc1xg5 Bf8e7
5.Bg5f4 Bc8b7
6.d5 exd5
7.exd5 Ng8f6
8.c4 Be7d6
9.Bf4g5 Rh8g8
10.Qd1e2 Kf8
11.Bg5h6 Rg8g7
12.Nf3h4 Kg8
13.Nh4f5 Rg7g6
14.Nb1c3 c6
15.Nf5xd6 { resign }
1-0

[Event "Match"]
[Site "www.echecsemail.com"]
[Date "2016.01.01"]
[Round "1"]
[White "Duff"]
[Black "Llord"]
[WhiteElo "1720"]
[BlackElo "1870"]
[Result "1-0"]
[Round "1"]
1.e4 e5
2.Ng1f3 Nb8c6
3.Bf1c4 Ng8f6
4.Nf3g5 d5
5.exd5 Nf6xd5
6.Ng5xf7 Kxf7
7.Qd1f3 Ke8
8.Bc4xd5 { resign }
1-0

[Event "1/64 Finale"]
[Site "www.chess-mail.com"]
[Date "2016.01.01"]
[Round "1"]
[White "Madz123456"]
[Black "Attatroll"]
[WhiteElo "2420"]
[BlackElo "1930"]
[Result "0-1"]
[Round "1"]
1.e4 d6
2.d4 Ng8f6
3.Nb1c3 g6
4.Ng1f3 Bf8g7
5.h3 O-O
6.Bc1e3 c6
7.a4 Nb8d7
8.Qd1d2 e5
9.dxe5 Nd7xe5
10.Bf1e2 Bc8e6
11.O-O Ne5xf3
12.Be2xf3 d5
13.exd5 Nf6xd5
14.Nc3xd5 Be6xd5
15.Bf3xd5 Qd8xd5
16.Qd2xd5 cxd5
17.c3 Rf8e8
18.Rf1d1 Ra8d8
19.Be3xa7 Re8e2
20.Ba7b6 Rd8e8
21.Ra1b1 Re2e5
22.a5 Bg7f6
23.Bb6d4 Re5e6
24.Bd4xf6 Re6xf6
25.Rd1xd5 Rf6a6
26.Rb1d1 Re8e2
27.Rd5b5 Ra6a7
28.Rd1d8 Kg7
29.Rd8d7 Re2e1
30.Kh2 Re1e2
31.Kg3 Re2e1
32.Rb5xb7 Ra7xa5
33.Rd7xf7 Kh6
34.h4 g5
 { time }
0-1

[Event "1/128 Finale"]
[Site "www.chess-mail.com"]
[Date "2016.01.01"]
[Round "1"]
[White "Naujzaid"]
[Black "Badshahc"]
[WhiteElo "1990"]
[BlackElo "1649"]
[Result "0-1"]
[Round "1"]
1.d4 Ng8f6
2.c4 e6
3.Nb1c3 Bf8b4
4.Qd1c2 O-O
5.a3 Bb4xc3
6.Qc2xc3 b6
7.Bc1g5 h6
8.Bg5h4 Bc8b7
9.f3 d5
10.e3 Rf8e8
11.Bf1d3 Nb8d7
12.Ng1e2 e5
13.Bh4f2 e4
14.Bd3c2 c5
15.dxc5 dxc4
16.Ne2d4 bxc5
17.Nd4f5 Nd7e5
18.fxe4 Nf6xe4
19.Bc2xe4 Bb7xe4
20.Bf2h4 Qd8d3
21.Qc3xd3 Ne5xd3
{ resign }
0-1

[Event "1/128 Finale"]
[Site "www.chess-mail.com"]
[Date "2016.01.01"]
[Round "1"]
[White "Snoopy"]
[Black "Bevittsmith"]
[WhiteElo "1699"]
[BlackElo "2260"]
[Result "1-0"]
[Round "1"]
1.b3 e5
2.Bc1b2 Nb8c6
3.e3 Ng8f6
4.Ng1f3 e4
5.Nf3d4 Nc6xd4
6.Bb2xd4 d5
7.c4 c6
8.Nb1c3 Bc8e6
9.cxd5 cxd5
10.Bd4xf6 gxf6
11.Bf1b5 Be6d7
12.Bb5xd7 Qd8xd7
13.Qd1e2 a6
14.O-O Bf8d6
15.Qe2h5 Bd6e5
16.Ra1d1 Ra8d8
17.d4 Be5b8
18.f3 { resign }
1-0

[Event "Eq:Equipo Juan Diaz-Slap Shot Mates : "]
[Site "www.chess-mail.com"]
[Date "2016.01.01"]
[Round "1"]
[White "Ecijaajedrez"]
[Black "Echo314"]
[WhiteElo "2530"]
[BlackElo "2760"]
[Result "1/2-1/2"]
[Round "1"]
1.d4 d5
2.c4 c6
3.Nb1c3 Ng8f6
4.Ng1f3 e6
5.cxd5 exd5
6.Bc1g5 h6
7.Bg5h4 Bc8f5
8.e3 Nb8d7
9.Bf1d3 Bf5xd3
10.Qd1xd3 Bf8d6
11.O-O O-O
12.e4 dxe4
13.Nc3xe4 Bd6e7
14.Rf1e1 Nf6xe4
15.Bh4xe7 Qd8xe7
16.Re1xe4 Qe7d8
17.Qd3c2 Rf8e8
18.Re4xe8 Qd8xe8
19.Ra1e1 Qe8d8
20.Qc2c4 Nd7b6
21.Qc4b4 Qd8c8
22.Qb4b3 Qc8c7
23.a3 Nb6d5
24.g3 b6
25.Re1c1 Qc7d6
26.Qb3c4 Ra8c8
27.Nf3e5 a5
28.h3 Rc8c7
29.Qc4a4 Nd5e7
30.Qa4b3 { draw }
1/2-1/2

[Event "Fast Game"]
[Site "www.echecsemail.com"]
[Date "2016.01.01"]
[Round "1"]
[White "Libiesse"]
[Black "Hennie4820"]
[WhiteElo "1629"]
[BlackElo "1660"]
[Result "0-1"]
[Round "1"]
1.d4 Ng8f6
2.c4 e6
3.Ng1f3 b6
4.g3 Bc8b7
5.Bf1g2 Bf8b4
6.Bc1d2 Bb4xd2
7.Nb1xd2 O-O
8.O-O d5
9.cxd5 Nf6xd5
10.a3 Nb8d7
11.Ra1c1 Nd7f6
12.Nf3e5 Qd8d6
13.Qd1c2 Ra8c8
14.Ne5c6 a5
15.Nd2e4 Nf6xe4
16.Bg2xe4 Nd5f6
 { time }
0-1

[Event "Tourn. n8528"]
[Site "www.chess-mail.com"]
[Date "2016.01.02"]
[Round "1"]
[White "Cathar"]
[Black "Yangqi"]
[WhiteElo "2290"]
[BlackElo "2600"]
[Result "0-1"]
[Round "1"]
1.e4 c6
2.d4 d5
3.Nb1d2 dxe4
4.Nd2xe4 Ng8f6
5.Ne4xf6 gxf6
6.c3 h5
7.Bf1c4 Nb8d7
8.Qd1b3 e6
9.Ng1f3 Bf8d6
10.O-O Nd7b6
11.Bc4d3 Qd8c7
12.a4 h4
13.h3 Nb6d5
14.Rf1e1 Nd5f4
15.Bd3f1 Bc8d7
16.a5 O-O-O
17.a6 b6
18.Bc1xf4 Bd6xf4
19.c4 c5
20.dxc5 bxc5
21.Ra1d1 Bd7c6
22.Rd1xd8 Kxd8
23.Re1d1 Ke7
{ resign }
0-1

[Event "Tourn. n8492"]
[Site "www.chess-mail.com"]
[Date "2016.01.02"]
[Round "1"]
[White "Cathar"]
[Black "Emiondi"]
[WhiteElo "2360"]
[BlackElo "2219"]
[Result "1-0"]
[Round "1"]
1.d4 Ng8f6
2.c4 g6
3.Nb1c3 Bf8g7
4.e4 d6
5.Bf1e2 O-O
6.Bc1g5 Nb8d7
7.Qd1d2 e5
8.d5 Nd7c5
9.f3 a5
10.g4 h6
11.Bg5e3 h5
12.h3 Bc8d7
13.O-O-O a4
14.Be2f1 Nf6e8
15.gxh5 gxh5
16.Ng1e2 f6
17.Rh1g1 Kh7
18.Ne2g3 f5
19.Ng3xh5 f4
20.Be3xc5 dxc5
21.Nh5xg7 Ne8xg7
22.Qd2g2 Qd8f6
23.d6 c6
24.Qg2g5 Ng7e8
25.Qg5h5 Qf6h6
26.Qh5xe5 Rf8f6
27.Qe5e7 { resign }
1-0

[Event "Tourn. n8503"]
[Site "www.chess-mail.com"]
[Date "2016.01.02"]
[Round "1"]
[White "Redabond"]
[Black "Easychess"]
[WhiteElo "1610"]
[BlackElo "1630"]
[Result "1-0"]
[Round "1"]
1.d4 d5
2.Bc1f4 Ng8f6
3.Nb1c3 c6
4.Ng1f3 Bc8f5
5.e3 e6
6.Bf1d3 Bf8b4
7.O-O Bb4xc3
8.bxc3 Bf5xd3
9.Qd1xd3 O-O
10.Bf4e5 Nb8d7
11.Be5xf6 Nd7xf6
12.c4 Qd8c7
13.cxd5 exd5
14.Ra1b1 Rf8e8
15.Qd3b3 Nf6e4
16.Qb3xb7 Qc7d6
17.Nf3e5 { resign }
1-0

[Event "Tourn. n8373"]
[Site "www.chess-mail.com"]
[Date "2016.01.02"]
[Round "1"]
[White "Abuelo"]
[Black "Madz123456"]
[WhiteElo "2150"]
[BlackElo "2220"]
[Result "1-0"]
[Round "1"]
1.d4 d5
2.e3 Bc8f5
3.Nb1c3 Ng8f6
4.Ng1f3 e6
5.Bf1d3 Bf8b4
6.Bd3xf5 exf5
7.Qd1d3 Qd8c8
8.O-O c6
9.a3 Bb4xc3
10.Qd3xc3 O-O
11.Qc3b3 Nb8d7
12.Bc1d2 Qc8c7
13.Bd2b4 Rf8e8
14.Qb3d3 a5
15.Bb4d2 Nf6e4
16.Nf3h4 g6
17.h3 c5
18.dxc5 Nd7xc5
19.Qd3e2 Nc5d7
20.c3 Qc7c4
21.Qe2e1 Ne4xd2
22.Qe1xd2 Qc4xh4
23.Qd2xd5 Qh4e7
24.Qd5xb7 Ra8b8
25.Qb7d5 Rb8xb2
26.Qd5xa5 Nd7c5
27.Ra1d1 Nc5e4
28.c4 Ne4xf2
29.Rf1xf2 Rb2xf2
30.Kxf2 Qe7xe3
31.Kf1 Qe3e2
32.Kg1 Qe2xd1
33.Kh2 Re8e1
34.Qa5a8 Kg7
35.Qa8b8 Re1h1
36.Kg3 Qd1e1
37.Kf3  { time }
1-0

[Event "Tourn. n8359"]
[Site "www.chess-mail.com"]
[Date "2016.01.02"]
[Round "1"]
[White "Numanoid"]
[Black "Nimzo"]
[WhiteElo "2500"]
[BlackElo "2790"]
[Result "0-1"]
[Round "1"]
1.e4 e6
2.d4 d5
3.e5 c5
4.c3 Qd8b6
5.Ng1f3 Nb8c6
6.a3 Bc8d7
7.b4 cxd4
8.cxd4 Ra8c8
9.Bc1b2 Ng8e7
10.Nb1c3 Nc6a5
11.Nc3a4 Qb6c6
12.Na4c5 Na5c4
13.Qd1b3 a5
14.Bf1d3 a4
15.Qb3a2 b6
16.Nc5xd7 Qc6xd7
17.O-O b5
18.Bb2c1 Ne7c6
19.Bc1e3 Bf8e7
20.Qa2e2 f5
21.g4 O-O
22.gxf5 exf5
23.Kh1 f4
24.Be3d2 Nc6d8
25.Bd2c1 Rc8c6
26.Rf1g1 Qd7h3
{ resign }
0-1

[Event "Tourn. n8547"]
[Site "www.chess-mail.com"]
[Date "2016.01.02"]
[Round "1"]
[White "Tonino1"]
[Black "Piekki"]
[WhiteElo "2040"]
[BlackElo "1870"]
[Result "1-0"]
[Round "1"]
1.d4 Ng8f6
2.Ng1f3 g6
3.e3 Bf8g7
4.Bf1d3 d6
5.b3 Nb8c6
6.Bc1b2 e5
7.dxe5 dxe5
8.Nf3xe5 { resign }
1-0

[Event "Tourn. n8489"]
[Site "www.chess-mail.com"]
[Date "2016.01.02"]
[Round "1"]
[White "Louis"]
[Black "Expert"]
[WhiteElo "1870"]
[BlackElo "1840"]
[Result "1-0"]
[Round "1"]
1.d4 d5
2.c4 dxc4
3.e4 c5
4.d5 b5
5.a4 Ng8f6
6.Nb1d2 e6
7.dxe6 Bc8xe6
8.axb5 Bf8e7
9.Bf1xc4 Be6xc4
10.Nd2xc4 Qd8xd1
11.Kxd1 Nf6xe4
12.Ng1h3 Nb8d7
13.Rh1e1 O-O-O
14.Kc2 f5
15.Ra1xa7 Kb8
16.Ra7a6 Kb7
17.Re1xe4 fxe4
18.Nc4a5 Kc7
19.Ra6c6 Kb8
20.Bc1f4 Ka8
21.Rc6a6 { resign }
1-0

[Event "Tourn. n8482"]
[Site "www.chess-mail.com"]
[Date "2016.01.02"]
[Round "1"]
[White "Robert66"]
[Black "Cardiff"]
[WhiteElo "1920"]
[BlackElo "1920"]
[Result "1-0"]
[Round "1"]
1.c4 e5
2.Nb1c3 Nb8c6
3.e4 Ng8f6
4.Ng1f3 Bf8c5
5.h3 d6
6.a3 Bc5d4
7.Nf3xd4 Nc6xd4
8.d3 O-O
9.Bc1e3 Nd4e6
10.Bf1e2 c6
11.O-O d5
12.cxd5 cxd5
13.exd5 Nf6xd5
14.Nc3xd5 Qd8xd5
15.Be2f3 Qd5d6
16.Rf1e1 f5
17.Qd1c2 Ne6d4
18.Be3xd4 exd4
19.Qc2c4 Kh8
20.Ra1c1 a6
21.b4 Ra8b8
22.Qc4c7 Qd6xc7
23.Rc1xc7 b5
24.Re1e7 h6
25.Re7xg7 Rf8e8
26.Rg7h7 Kg8
27.Bf3d5 { resign }
1-0

[Event "Tourn. n8438"]
[Site "www.chess-mail.com"]
[Date "2016.01.02"]
[Round "1"]
[White "Castletyme"]
[Black "Naujzaid"]
[WhiteElo "1880"]
[BlackElo "1900"]
[Result "0-1"]
[Round "1"]
1.e4 c5
2.Ng1f3 d6
3.Nb1c3 Ng8f6
4.d3 e6
5.Bc1g5 Bf8e7
6.Bg5xf6 Be7xf6
7.Bf1e2 O-O
8.O-O Nb8c6
9.Rf1e1 a6
10.a3 b5
11.Ra1b1 Bc8b7
12.Be2f1 Qd8c7
13.Nc3e2 d5
14.exd5 exd5
15.Ne2g3 Rf8e8
16.Re1xe8 Ra8xe8
17.c3 g6
18.Qd1d2 Nc6e5
19.Nf3xe5 Bf6xe5
20.Rb1e1 Re8f8
21.Qd2g5 f6
22.Qg5d2 Kg7
23.b3 h5
24.d4 cxd4
25.cxd4 Be5f4
26.Qd2d3 h4
27.Ng3h5 gxh5
28.g3 hxg3
29.fxg3 Bf4d6
30.Re1e6 Bb7c8
 { time }
0-1

[Event "Tourn. n8385"]
[Site "www.chess-mail.com"]
[Date "2016.01.02"]
[Round "1"]
[White "Asoka"]
[Black "Nimzo"]
[WhiteElo "2670"]
[BlackElo "2800"]
[Result "1/2-1/2"]
[Round "1"]
1.e4 e6
2.d4 d5
3.exd5 exd5
4.Ng1f3 Bf8d6
5.Bf1d3 Nb8c6
6.O-O Ng8e7
7.c3 Bc8g4
8.h3 Bg4h5
9.b3 Qd8d7
10.Nb1a3 a6
11.Na3c2 O-O
12.Bd3xh7 Kxh7
13.Nf3g5 Kh6
14.Ng5e6 g5
15.Bc1xg5 Kg6
16.Ne6xf8 Ra8xf8
17.Qd1d2 Rf8g8
18.f3 f6
19.Bg5f4 Kf7
20.Bf4xd6 Qd7xd6
21.Nc2e3 Bh5g6
22.g4 Nc6d8
23.Ne3g2 Nd8e6
24.h4 Ke8
25.Ra1e1 Kd7
26.Re1e3 Bg6f7
27.Rf1e1 Ne7c6
28.Qd2c2 Bf7g6
29.Qc2f2 Bg6f7
30.a4 Nc6d8
31.Qf2c2 Bf7g6
32.Qc2e2 Bg6f7
33.b4 Kc8
34.b5 a5
35.Qe2c2 Bf7g6
36.Qc2e2 Bg6f7
37.Qe2c2 Bf7g6
{ draw }
1/2-1/2

[Event "Tourn. n8448"]
[Site "www.chess-mail.com"]
[Date "2016.01.02"]
[Round "1"]
[White "Naujzaid"]
[Black "Takfarov"]
[WhiteElo "1900"]
[BlackElo "1619"]
[Result "1-0"]
[Round "1"]
1.d4 e6
2.c4 d5
3.Nb1c3 Ng8f6
4.cxd5 exd5
5.Bc1g5 Bf8e7
6.e3 O-O
7.Bf1d3 h6
8.Bg5h4 c6
9.Qd1c2 Bc8e6
10.Ng1f3 Nb8d7
11.O-O Be6g4
12.Nf3d2 Bg4h5
13.Ra1b1 Ra8c8
14.b4 b6
15.h3 c5
16.bxc5 bxc5
17.Nc3b5 cxd4
18.Qc2a4 dxe3
19.fxe3 Nf6e4
20.Bh4xe7 Qd8xe7
21.Nd2xe4 dxe4
22.Qa4xe4 Qe7xe4
23.Bd3xe4 Bh5e2
24.Rf1e1 Be2xb5
25.Rb1xb5 Nd7f6
26.Be4f3 Rc8b8
27.Re1b1 Rb8xb5
28.Rb1xb5 Rf8e8
29.Kf2 Nf6e4
30.Bf3xe4 Re8xe4
31.Rb5a5 Re4e7
32.Kf3 g6
{ time. }
1-0

[Event "Tourn. n8344"]
[Site "www.chess-mail.com"]
[Date "2016.01.02"]
[Round "1"]
[White "Francesco"]
[Black "Ditto"]
[WhiteElo "2070"]
[BlackElo "1840"]
[Result "1/2-1/2"]
[Round "1"]
1.e4 e5
2.Ng1f3 Nb8c6
3.Bf1b5 Bf8c5
4.O-O Ng8e7
5.Nb1c3 O-O
6.d3 d6
7.Bc1g5 Bc8g4
8.h3 Bg4e6
9.a3 Nc6d4
10.Nf3xd4 Bc5xd4
11.Ra1b1 c6
12.Bb5a4 b5
13.Ba4b3 Be6xb3
14.cxb3 Qd8c7
15.Nc3e2 Bd4b6
16.Rb1c1 Ne7g6
17.Kh1 c5
18.Ne2g3 Qc7d7
19.f4 exf4
20.Bg5xf4 Ng6h4
21.Qd1h5 Nh4g6
22.Ng3f5 Bb6d8
23.Bf4xd6 Rf8e8
24.Bd6xc5 Bd8f6
25.Rc1c2 Qd7xd3
26.Rc2f2 Re8e5
27.Bc5d6 Re5xe4
28.Nf5h6 gxh6
29.Rf2xf6 Re4h4
30.Qh5f3 Qd3xf3
31.Rf1xf3 Ra8d8
32.Bd6b4 Ng6e5
33.Rf3f4 Rh4xf4
34.Rf6xf4 Kg7
35.Bb4c3 Rd8e8
36.Kh2 f6
37.Kg3 Ne5g6
38.Bc3xf6 Kg8
39.Rf4f2 Re8e3
40.Rf2f3 Re3e2
41.Kh2 a6
42.Rf3c3 Kf7
43.Rc3c6 Ng6f4
44.Bf6h4 Re2xg2
45.Kh1 Rg2xb2
46.Rc6xa6 Rb2xb3
47.Ra6xh6 Rb3xh3
48.Kg1 Rh3xa3
49.Rh6f6 Kg7
50.Rf6xf4 Kg6
51.Bh4e7 Ra3b3
52.Kf2 Rb3b2
53.Kg3 h5
54.Rf4f6 Kg7
55.Rf6f5 Kg6
56.Rf5g5 Kh6
57.Kh4 Rb2h2
58.Kg3 Rh2b2
59.Be7f6 Rb2b3
60.Kh4 Rb3b4
61.Kh3 Rb4b3
62.Kh4 Rb3b4
63.Kg3 Rb4b3
64.Kh4 { draw }
1/2-1/2

[Event "Tourn. n8504"]
[Site "www.chess-mail.com"]
[Date "2016.01.02"]
[Round "1"]
[White "Goosebumps"]
[Black "Genius7"]
[WhiteElo "2200"]
[BlackElo "2020"]
[Result "1/2-1/2"]
[Round "1"]
1.e4 e5
2.Ng1f3 Nb8c6
3.Bf1b5 a6
4.Bb5a4 Ng8f6
5.O-O Bf8e7
6.Rf1e1 b5
7.Ba4b3 O-O
8.c3 d6
9.h3 h6
10.d4 exd4
11.cxd4 Nc6a5
12.Bb3c2 c5
13.a4 Bc8b7
14.Bc1d2 Na5c4
15.b4 Nc4xd2
16.Qd1xd2 c4
17.Nb1c3 Qd8b6
18.a5 Qb6c7
19.d5 Rf8e8
20.Qd2e3 { draw }
1/2-1/2

[Event "Tourn. n8505"]
[Site "www.chess-mail.com"]
[Date "2016.01.02"]
[Round "1"]
[White "Jhw"]
[Black "Bojan"]
[WhiteElo "2040"]
[BlackElo "2000"]
[Result "0-1"]
[Round "1"]
1.e4 e5
2.Ng1f3 d6
3.Bf1c4 h6
4.Nb1c3 c6
5.d4 exd4
6.Nf3xd4 Nb8d7
7.O-O Nd7e5
8.Bc4e2 Bf8e7
9.f4 Ne5d7
10.Nd4f5 Be7f6
11.Nf5xd6 Kf8
12.Be2c4 Nd7b6
13.Bc4xf7 Bc8d7
14.e5 Bf6e7
15.Nd6xb7 Qd8c7
16.Bf7xg8 Rh8xg8
17.Nb7a5 Bd7f5
18.Bc1e3 Ra8d8
19.Qd1h5 Bf5xc2
20.Be3xb6 Qc7xb6
21.Kh1 Qb6xa5
22.Ra1c1 Qa5a6
23.Rf1f2 Bc2h7
24.g4 c5
25.f5 Be7g5
26.Rc1f1 Qa6c6
27.Rf2f3 Rd8d3
28.e6 g6
29.fxg6 Rd3xf3
30.e7 Kg7
31.Kg1 Bg5e3
32.Rf1f2 Rf3xf2
33.Nc3d5 Rf2f5
34.Nd5xe3 Rf5xh5
35.gxh7 Kxh7
{ resign }
0-1

[Event "Tourn. n8543"]
[Site "www.chess-mail.com"]
[Date "2016.01.02"]
[Round "1"]
[White "Cardiff"]
[Black "Mitja"]
[WhiteElo "1950"]
[BlackElo "1910"]
[Result "1-0"]
[Round "1"]
1.c4 d5
2.cxd5 Qd8xd5
3.Nb1c3 Qd5d8
4.d4 e6
5.Ng1f3 c6
6.e4 Nb8d7
7.Bf1e2 Nd7b6
8.O-O h6
9.a4 Bf8d6
10.a5 Nb6d7
11.Be2c4 a6
12.d5 cxd5
13.exd5 Nd7e5
14.Nf3xe5 Bd6xe5
15.dxe6 Bc8xe6
16.Bc4xe6 fxe6
17.Qd1h5 { resign }
1-0

[Event "Tourn. n8492"]
[Site "www.chess-mail.com"]
[Date "2016.01.02"]
[Round "1"]
[White "Yangqi"]
[Black "Bennyp"]
[WhiteElo "2590"]
[BlackElo "2370"]
[Result "1/2-1/2"]
[Round "1"]
1.e4 c5
2.a3 g6
3.b4 Bf8g7
4.Nb1c3 d6
5.g3 b6
6.Bf1g2 Bc8b7
7.Ra1b1 Qd8d7
8.Ng1e2 e6
9.O-O Nb8c6
10.b5 Nc6d4
11.Ne2xd4 cxd4
12.Nc3e2 Ng8e7
13.d3 O-O
14.Bc1b2 e5
15.c3 dxc3
16.Ne2xc3 Ra8c8
17.Qd1b3 Rc8c7
18.a4 Rf8c8
19.Nc3d1 d5
20.Nd1e3 d4
21.Ne3c4 Qd7e6
22.Bb2a3 Rc8d8
23.f4 exf4
24.gxf4 Qe6g4
25.Nc4e5 Bg7xe5
26.fxe5 Ne7d5
27.exd5 Bb7xd5
28.Qb3b2 Rd8c8
29.Rf1f2 Rc7c3
30.Rb1f1 Rc3xd3
31.Ba3d6 Rd3d1
32.Rf1xd1 Qg4xd1
33.Rf2f1 Qd1g4
34.Kh1 { draw }
1/2-1/2

[Event "Tourn. n8481"]
[Site "www.chess-mail.com"]
[Date "2016.01.02"]
[Round "1"]
[White "Chiccogianca"]
[Black "Umzi"]
[WhiteElo "2040"]
[BlackElo "2160"]
[Result "0-1"]
[Round "1"]
1.b3 e5
2.Bc1b2 Nb8c6
3.g3 d5
4.Bf1g2 Bc8e6
5.e3 Ng8f6
6.d3 Bf8e7
7.Ng1e2 O-O
8.Nb1d2 Qd8d7
9.O-O Be6h3
10.a3 Bh3xg2
11.Kxg2 Ra8d8
12.h3 Rf8e8
13.b4 d4
14.e4 h6
15.f4 exf4
16.gxf4 a6
17.Qd1e1 Nf6h7
18.Qe1g3 f5
19.Rf1g1 fxe4
20.Nd2xe4 Re8f8
21.Ra1f1 Nh7f6
22.Kf2 Rf8f7
23.Qg3g6 Qd7xh3
24.Ke1 Nf6xe4
25.dxe4 Nc6xb4
26.axb4 Be7xb4
27.Kd1 d3
28.Ne2d4 dxc2
29.Kxc2 c5
30.Rf1f3 Qh3d7
31.Qg6e6 cxd4
32.Qe6xd7 Rf7xd7
33.Kd3 b5
34.Rg1g6 Rd7d6
35.Rg6xd6 Rd8xd6
36.e5 Rd6d8
37.f5 Bb4c5
38.Bb2c1 a5
39.Bc1f4 a4
40.Rf3g3 Kf7
41.Rg3g1 a3
42.Rg1a1 b4
43.Kc4 Bc5f8
44.Kb3 d3
45.Bf4d2 Rd8d4
46.Ra1c1 h5
47.Rc1c7 Ke8
48.f6 gxf6
49.exf6 Rd4d7
50.Rc7c6 h4
{ resign }
0-1

[Event "Tourn. n8492"]
[Site "www.chess-mail.com"]
[Date "2016.01.02"]
[Round "1"]
[White "Bennyp"]
[Black "Emiondi"]
[WhiteElo "2370"]
[BlackElo "2219"]
[Result "1/2-1/2"]
[Round "1"]
1.e4 e5
2.f4 exf4
3.Ng1f3 g5
4.h4 g4
5.Nf3e5 d6
6.Ne5xg4 Ng8f6
7.Ng4xf6 Qd8xf6
8.Nb1c3 Nb8c6
9.d4 Bf8h6
10.Nc3d5 Qf6g6
11.Qd1d3 Kd8
12.Bc1xf4 Nc6b4
13.Nd5xb4 Bh6xf4
14.Qd3f3 Bf4g3
15.Kd2 Qg6h6
16.Kc3 Qh6g7
17.Ra1d1 c5
18.Nb4d5 cxd4
19.Kb3 Bc8e6
20.Ka3 Bg3e5
21.Qf3b3 f6
22.Qb3a4 Be6xd5
23.Qa4a5 Qg7c7
24.Qa5xc7 Kxc7
25.exd5 { draw }
1/2-1/2

[Event "Tourn. n8526"]
[Site "www.chess-mail.com"]
[Date "2016.01.02"]
[Round "1"]
[White "Expert"]
[Black "Dulap"]
[WhiteElo "1910"]
[BlackElo "1900"]
[Result "1/2-1/2"]
[Round "1"]
1.e4 e5
2.Ng1f3 Nb8c6
3.Nb1c3 Ng8f6
4.Bf1b5 d6
5.d4 exd4
6.Nf3xd4 Bc8d7
7.Bb5xc6 bxc6
8.O-O Bf8e7
9.Rf1e1 O-O
10.h3 c5
11.Nd4f3 Bd7c6
12.Nc3d5 Bc6xd5
13.exd5 Qd8d7
14.c4 Rf8e8
15.Bc1d2 c6
16.dxc6 Qd7xc6
17.Bd2c3 a5
18.Qd1c2 a4
19.Ra1d1 { draw }
1/2-1/2

[Event "Tourn. n8548"]
[Site "www.chess-mail.com"]
[Date "2016.01.02"]
[Round "1"]
[White "Gatrooper"]
[Black "Duff"]
[WhiteElo "1620"]
[BlackElo "1740"]
[Result "1-0"]
[Round "1"]
1.e4 e5
2.a3 Ng8f6
3.Nb1c3 Nb8c6
4.Ng1f3 Bf8c5
5.d3 h6
6.Bc1e3 Bc5b6
7.Be3xb6 axb6
8.h3 d6
9.Bf1e2 O-O
10.g4 d5
11.exd5 Nf6xd5
12.Nc3xd5 Qd8xd5
13.c4 Qd5d6
14.Qd1c2 Nc6d4
15.Nf3xd4 Qd6xd4
16.h4 Bc8xg4
17.Be2xg4 Qd4xg4
18.Qc2e2 Qg4g2
19.O-O-O b5
20.Rh1g1 Qg2c6
21.b3 Ra8xa3
22.Qe2b2 Rf8a8
23.Qb2xe5 bxc4
24.Qe5xg7 { resign }
1-0

[Event "Tourn. n8489"]
[Site "www.chess-mail.com"]
[Date "2016.01.02"]
[Round "1"]
[White "Jhw"]
[Black "Jaroslavpech"]
[WhiteElo "1970"]
[BlackElo "2020"]
[Result "0-1"]
[Round "1"]
1.b4 e5
2.Bc1a3 Ng8f6
3.e3 d5
4.c4 a5
5.b5 Bf8xa3
6.Nb1xa3 d4
7.exd4 exd4
8.Bf1d3 O-O
9.Qd1c2 Qd8e7
{ resign }
0-1

[Event "Tourn. n8337"]
[Site "www.chess-mail.com"]
[Date "2016.01.02"]
[Round "1"]
[White "Bluetealeaf"]
[Black "Jhw"]
[WhiteElo "1750"]
[BlackElo "1779"]
[Result "0-1"]
[Round "1"]
1.e4 c5
2.Bf1c4 e6
3.Ng1f3 Nb8c6
4.c3 a6
5.O-O b5
6.Bc4e2 h6
7.d4 cxd4
8.cxd4 Bc8b7
9.Qd1b3 Qd8b6
10.Bc1e3 Nc6a5
11.Qb3c2 d5
12.Nb1c3 g5
13.Nf3e5 Ra8c8
14.exd5 exd5
15.Be2h5 Rc8c7
16.Qc2f5 Ng8f6
17.b3 Rc7xc3
18.Ne5d7 Nf6xd7
19.Qf5xf7 Kd8
20.Qf7e8 Kc7
21.Bh5g4 Bb7c6
22.Bg4xd7 Bc6xd7
23.Qe8e5 Bf8d6
24.Qe5xh8 Na5b7
25.Be3d2 Rc3d3
26.Ra1c1 Bd7c6
27.Qh8h7 Kb8
28.Qh7xd3 b4
29.Bd2e3 Bc6b5
30.Qd3c2 Bb5xf1
31.Qc2c8 Ka7
32.Kxf1 Bd6xh2
33.g3 a5
34.Kg2 Bh2xg3
35.fxg3 Ka6
36.Qc8c4 dxc4
37.Rc1xc4 Nb7d6
38.Rc4c5 Nd6e4
39.Rc5e5 Qb6c6
40.d5 Qc6c2
41.Kf3 Ne4c3
42.Be3d4 Nc3xa2
43.d6 Qc2xb3
44.Kg4 Qb3d1
45.Kf5 Qd1xd4
46.Ke6 Qd4g4
47.Ke7 Qg4xg3
48.Re5e6 Qg3xd6
49.Re6xd6 Kb5
50.Rd6xh6 b3
51.Rh6h8 Ka4
52.Rh8h2 Na2c3
53.Kf6 g4
54.Kf5 g3
55.Rh2g2 Kb4
56.Kf4 a4
57.Kxg3 a3
58.Rg2f2 b2
59.Rf2f4 Kb3
{ resign }
0-1

[Event "Match"]
[Site "www.echecsemail.com"]
[Date "2016.01.02"]
[Round "1"]
[White "Carlosto"]
[Black "Wilddog"]
[WhiteElo "1450"]
[BlackElo "1400"]
[Result "0-1"]
[Round "1"]
1.d4 d5
2.Nb1c3 Ng8f6
3.Ng1f3 Nb8c6
4.e3 Nc6b4
5.Bf1b5 Bc8d7
6.Bc1d2 c6
7.Bb5a4 b5
8.Ba4b3 e6
9.Nf3e5 Bd7c8
10.Nc3xb5 cxb5
11.a3 Nb4a6
12.g4 Bf8e7
13.g5 Nf6e4
14.Qd1f3 f6
15.gxf6 Be7xf6
16.Rh1g1 O-O
17.O-O-O Qd8d6
18.Bd2b4 Qd6c7
19.Bb4xf8 Kxf8
20.Qf3h5 Ne4xf2
21.Rd1f1 Nf2e4
22.Qh5xh7 Ke8
23.c3 Ra8b8
24.Bb3c2 Ne4g5
25.Qh7g6 Ng5f7
26.Ne5g4 Qc7e7
 { time }
0-1

[Event "Match"]
[Site "www.echecsemail.com"]
[Date "2016.01.02"]
[Round "1"]
[White "Pare123"]
[Black "Badshahc"]
[WhiteElo "1930"]
[BlackElo "1649"]
[Result "0-1"]
[Round "1"]
1.c4 c5
2.Nb1c3 Nb8c6
3.e3 Ng8f6
4.Ng1f3 e6
5.Bf1e2 d5
6.cxd5 exd5
7.a3 d4
8.exd4 cxd4
9.Nf3xd4 Nc6xd4
10.Qd1a4 Nd4c6
11.O-O Bf8c5
12.Be2b5 Qd8b6
13.Rf1e1 Bc8e6
14.Re1e2 O-O
15.b4 Bc5xf2
16.Re2xf2 Nf6g4
17.Nc3d1 Nc6d4
18.Bb5f1 Qb6d6
19.g3 Ng4xf2
20.Nd1xf2 Nd4f3
21.Kh1 Qd6d4
22.Kg2 Qd4xa1
{ resign }
0-1